000 00249nam a2200097Ia 4500
005 20251222114357.0
008 251222s1900||||xx |||||||||||||| ||spa||
082 _aDVD0120/S59.2/2000
245 0 _aJ.S. Bach (1685 - 1750): violĂ­n concerto:
942 _cDVD
999 _c1462
_d1462